000 00581nam a22002052 4500
001 0000021308
005 20151217154454.0
008 120313s xx 000 0 eng d
020 _a0070660026 :
040 _aKABU
_cKABU
100 1 _aKoneru, Aruna.
_@0000182124
245 1 0 _aProfessional communication /
_cAruna Koneru.
250 _a1st ed.
260 _aNew Delhi :
_bTata McGraw-Hill,
_c2008.
300 _axx, 500 p.
650 0 _aCommunication.
_@0000151592
852 1 _9p4930 KES
908 _a120313
950 _@1
999 _c11424
_d11424